000
00358nam a2200169Ia 4500
003
IT-RoPAU
008
120407s9999 xx 000 0 und d
040
_a
IT-RoPAU
040
_c
IT-RoPAU
100
_a
José Pollano
245
_a
Ciudad reconciliada
250
_a
Madrid
260
_a
Ediciones Paulinas
300
_c
cm
490
_v
1
942
_c
BK
999
_c
3004
_d
3004